[Event "Rilton Cup 51st"]
[Site "Stockholm"]
[Date "2024.01.03"]
[Round "7"]
[White "Sameer, Loay"]
[Black "Dwilewicz, Katarzyna"]
[Result "1-0"]
[WhiteElo "2209"]
[BlackElo "2112"]
[PlyCount "99"]
[EventDate "2023.12.27"]
[EventType "swiss"]
[EventRounds "9"]
[EventCountry "SWE"]
[SourceTitle "CB02_2024"]
[SourceDate "2024.01.10"]
[SourceVersion "1"]
[SourceVersionDate "2024.01.10"]
[SourceQuality "1"]

1. Nf3 d5 2. g3 Nf6 3. Bg2 e6 4. 0-0 c5 5. d3 Nc6 6. Nbd2 Be7 7. e4 Qc7 8. Re1 b6 9. h4 Bb7 10. Nf1 0-0 11. e5 Nd7 12. Bf4 b5 13. h5 d4 14. h6 g6 15. N1h2 Nb6 16. Ng4 Nd5 17. Bg5 Rac8 18. Qd2 c4 19. Bxe7 c3 20. Qg5 Qxe7 21. Qxe7 Ncxe7 22. Nxd4 a6 23. Nf6+ Kh8 24. bxc3 Rxc3 25. Ne4 Rc7 26. Nd6 Bc8 27. c4 Nb4 28. cxb5 axb5 29. N4xb5 Rc2 30. Rec1 Ba6 31. Rxc2 Nxc2 32. Rc1 Bxb5 33. Rxc2 Bxd3 34. Rc7 Nf5 35. Nxf7+ Kg8 36. Ng5 Nxh6 37. Nxe6 Rb8 38. Bd5 Rb1+ 39. Kg2 Bf1+ 40. Kf3 Nf5 41. Nd4+ Kf8 42. Nxf5 gxf5 43. Kf4 Bd3 44. e6 Re1 45. Kg5 Ke8 46. Kf6 Kd8 47. Rd7+ Kc8 48. Bb7+ Kb8 49. Rxd3 Kxb7 50. e7 1-0

[Event "Rilton Cup 51st"]
[Site "Stockholm"]
[Date "2023.12.31"]
[Round "5"]
[White "Sameer, Loay"]
[Black "Dylag, Emilia"]
[Result "0-1"]
[WhiteElo "2209"]
[BlackElo "2092"]
[PlyCount "78"]
[EventDate "2023.12.27"]
[EventType "swiss"]
[EventRounds "9"]
[EventCountry "SWE"]
[SourceTitle "CB02_2024"]
[SourceDate "2024.01.10"]
[SourceVersion "1"]
[SourceVersionDate "2024.01.10"]
[SourceQuality "1"]

1. Nf3 Nf6 2. g3 e6 3. Bg2 d5 4. 0-0 c5 5. d3 Nc6 6. Nbd2 Be7 7. e4 b6 8. Re1 Bb7 9. h4 h6 10. c3 Qc7 11. Nf1 0-0-0 12. e5 Nd7 13. d4 Rhg8 14. Ne3 Kb8 15. a3 g5 16. hxg5 hxg5 17. Ng4 cxd4 18. cxd4 Na5 19. Bf1 Rc8 20. Bd3 Qd8 21. Kg2 Rh8 22. Bd2 Nc4 23. Bc3 Rf8 24. a4 f5 25. exf6 Nxf6 26. Nxf6 Rxf6 27. Nxg5 e5 28. dxe5 Rxf2+ 29. Kxf2 Bc5+ 30. Kg2 Qxg5 31. Qf3 Rf8 32. Qxf8+ Bxf8 33. Bxc4 dxc4+ 34. Kf2 Bc5+ 35. Ke2 Qe3+ 36. Kd1 Bf3+ 37. Kc2 Qd3+ 38. Kc1 Be3+ 39. Rxe3 Qd1# 0-1

[Event "Titled Tuesday intern op 26th Sep Early"]
[Site "Chess.com INT"]
[Date "2023.09.26"]
[Round "3"]
[White "Seo, Jung Min"]
[Black "Sameer, Loay"]
[Result "1-0"]
[WhiteElo "2462"]
[BlackElo "2209"]
[PlyCount "81"]
[EventDate "2023.09.26"]
[EventType "swiss (blitz)"]
[EventRounds "11"]
[EventCountry "USA"]
[SourceTitle "EXT 2024"]
[Source "ChessBase"]
[SourceDate "2023.10.10"]
[SourceVersion "1"]
[SourceVersionDate "2023.10.10"]
[SourceQuality "1"]

1. d4 Nf6 2. c4 g6 3. Nc3 Bg7 4. e4 d6 5. h3 0-0 6. Be3 c5 7. Nf3 Nc6 8. d5 Na5 9. Be2 a6 10. 0-0 Rb8 11. Nd2 e5 12. a3 b5 13. cxb5 axb5 14. Bxb5 Bd7 15. a4 Ne8 16. Nb3 Nxb3 17. Qxb3 Nc7 18. Qc4 f5 19. exf5 gxf5 20. f4 e4 21. Rab1 Nxb5 22. Nxb5 Bxb5 23. axb5 Qh4 24. b4 Qg3 25. Rb3 cxb4 26. Qxb4 Qg6 27. b6 Rb7 28. Qc4 Bf6 29. Qc6 Rg7 30. Qc2 Qh5 31. b7 Qxh3 32. b8Q Qxe3+ 33. Rxe3 Rxb8 34. Rb3 Bd4+ 35. Kh2 Rf8 36. Rfb1 Rg6 37. g3 Rh6+ 38. Kg2 Kg7 39. Rb8 Rff6 40. R1b7+ Kg6 41. Rg8+ 1-0

[Event "Titled Tuesday intern op 19th Sep Early"]
[Site "Chess.com INT"]
[Date "2023.09.19"]
[Round "2"]
[White "Garrido, Denis"]
[Black "Sameer, Loay"]
[Result "1-0"]
[WhiteElo "2205"]
[BlackElo "2209"]
[PlyCount "79"]
[EventDate "2023.09.19"]
[EventType "swiss (blitz)"]
[EventRounds "11"]
[EventCountry "USA"]
[SourceTitle "EXT 2024"]
[Source "ChessBase"]
[SourceDate "2023.10.10"]
[SourceVersion "1"]
[SourceVersionDate "2023.10.10"]
[SourceQuality "1"]

1. e4 c5 2. Nf3 Nc6 3. Bb5 Nf6 4. Nc3 Nd4 5. Ba4 e6 6. e5 Ng8 7. d3 Ne7 8. 0-0 Nef5 9. Ne4 Be7 10. c3 Nxf3+ 11. Qxf3 0-0 12. Re1 Rb8 13. Bf4 b5 14. Bc2 Bb7 15. Rad1 Qa5 16. a3 Qb6 17. Qh3 d5 18. exd6 Bxd6 19. Nxd6 Nxd6 20. d4 Nf5 21. Bxb8 Rxb8 22. g4 Ne7 23. Qxh7+ Kf8 24. dxc5 Qxc5 25. Rd7 Qc6 26. Qh8+ Ng8 27. Rxf7+ Kxf7 28. Qh5+ Kf8 29. Be4 Qe8 30. Qh7 Bxe4 31. Qxe4 Qf7 32. Re3 Nf6 33. Qb4+ Qe7 34. Qf4 Kg8 35. Qxb8+ Kf7 36. g5 Nd5 37. Rf3+ Kg6 38. Qe5 Qxg5+ 39. Rg3 Qxg3+ 40. hxg3 1-0

[Event "Titled Tuesday intern op 19th Sep Early"]
[Site "Chess.com INT"]
[Date "2023.09.19"]
[Round "7"]
[White "Sameer, Loay"]
[Black "Bodnaruk, Anastasia"]
[Result "1/2-1/2"]
[WhiteElo "2209"]
[BlackElo "2340"]
[PlyCount "140"]
[EventDate "2023.09.19"]
[EventType "swiss (blitz)"]
[EventRounds "11"]
[EventCountry "USA"]
[SourceTitle "EXT 2024"]
[Source "ChessBase"]
[SourceDate "2023.10.10"]
[SourceVersion "1"]
[SourceVersionDate "2023.10.10"]
[SourceQuality "1"]

1. Nf3 Nf6 2. g3 g6 3. Bg2 Bg7 4. 0-0 0-0 5. d3 d5 6. c3 c5 7. Qb3 Nc6 8. Nbd2 e5 9. e4 d4 10. Qc2 h6 11. Nc4 Qc7 12. a4 Be6 13. Nfd2 Nh5 14. Nb3 Qe7 15. f4 Bxc4 16. dxc4 f5 17. exf5 gxf5 18. Bd5+ Kh8 19. fxe5 Nxe5 20. Qe2 Nf6 21. Bf4 Nxd5 22. cxd5 d3 23. Qe3 Qd6 24. Qxc5 Rad8 25. Qxd6 Rxd6 26. c4 Rb6 27. Bxe5 Bxe5 28. Nd2 Rxb2 29. Rad1 Bd4+ 30. Kh1 Re8 31. Nf3 Bc5 32. Rxd3 Bd6 33. Rdd1 Ree2 34. Rb1 b6 35. Rxb2 Rxb2 36. Nd4 Bc5 37. Nxf5 Rc2 38. Rd1 Rxc4 39. d6 Bxd6 40. Nxd6 Rxa4 41. Re1 Ra2 42. Re7 a5 43. Rb7 Rb2 44. Nc4 Rb4 45. Nxb6 a4 46. Kg2 a3 47. Rb8+ Kg7 48. Ra8 Rxb6 49. Rxa3 Kg6 50. h4 h5 51. Ra5 Rb2+ 52. Kf3 Rb3+ 53. Kf4 Rb4+ 54. Ke5 Rb3 55. Ra6+ Kh7 56. Kf4 Rb4+ 57. Kg5 Rg4+ 58. Kxh5 Rxg3 59. Ra7+ Kg8 60. Kh6 Rg1 61. Ra8+ Kf7 62. h5 Rh1 63. Ra7+ Kg8 64. Ra8+ Kf7 65. Rh8 Rh2 66. Rb8 Rh1 67. Rb5 Kg8 68. Rb8+ Kf7 69. Kg5 Rg1+ 70. Kh6 Rh1 1/2-1/2

[Event "Titled Tuesday intern op 12th Sep Early"]
[Site "Chess.com INT"]
[Date "2023.09.12"]
[Round "3"]
[White "Ziegler, Ari"]
[Black "Sameer, Loay"]
[Result "0-1"]
[WhiteElo "2304"]
[BlackElo "2209"]
[PlyCount "98"]
[EventDate "2023.09.12"]
[EventType "swiss (blitz)"]
[EventRounds "11"]
[EventCountry "USA"]
[SourceTitle "EXT 2024"]
[Source "ChessBase"]
[SourceDate "2023.10.10"]
[SourceVersion "1"]
[SourceVersionDate "2023.10.10"]
[SourceQuality "1"]

1. e4 g6 2. d4 Bg7 3. c4 d6 4. Nc3 Nf6 5. Be2 0-0 6. Nf3 Na6 7. 0-0 e5 8. Be3 Ng4 9. Bg5 Qe8 10. h3 f6 11. Bd2 Nh6 12. Be3 Nf7 13. Qc2 c6 14. Rfd1 Qe7 15. a3 Nc7 16. b4 f5 17. exf5 gxf5 18. dxe5 Nxe5 19. Nxe5 Bxe5 20. Bh6 Re8 21. Bh5 Rd8 22. f4 Bf6 23. Re1 Be6 24. Re2 Bd4+ 25. Kh1 Qf6 26. Bg5 Qg7 27. Bxd8 Rxd8 28. Rc1 Bxc4 29. Ree1 b5 30. Bf3 d5 31. Ne2 Be3 32. Rcd1 d4 33. Qxf5 d3 34. Nc3 Bf2 35. Rf1 Bd4 36. Ne4 Rf8 37. Qg4 Qxg4 38. Bxg4 Nd5 39. f5 Ne3 40. f6 Nxf1 41. Rxf1 Bd5 42. Ng5 Rxf6 43. Rxf6 Bxf6 44. Ne6 d2 45. Nf4 Bb3 46. Nh5 Bd4 47. Ng3 d1Q+ 48. Bxd1 Bxd1 49. Nf5 Be5 0-1

[Event "Titled Tuesday intern op 05th Sep Early"]
[Site "Chess.com INT"]
[Date "2023.09.05"]
[Round "2"]
[White "Fernandez Siles, Luis"]
[Black "Sameer, Loay"]
[Result "0-1"]
[WhiteElo "2218"]
[BlackElo "2209"]
[PlyCount "120"]
[EventDate "2023.09.05"]
[EventType "swiss (blitz)"]
[EventRounds "11"]
[EventCountry "USA"]
[SourceTitle "EXT 2024"]
[Source "ChessBase"]
[SourceDate "2023.10.10"]
[SourceVersion "1"]
[SourceVersionDate "2023.10.10"]
[SourceQuality "1"]

1. e4 g6 2. Nc3 Bg7 3. f4 d6 4. Nf3 Nf6 5. Bc4 0-0 6. d3 c6 7. Bb3 a5 8. a4 Na6 9. 0-0 Nc5 10. Ba2 Be6 11. Bxe6 Nxe6 12. Kh1 d5 13. e5 Nd7 14. d4 f5 15. exf6 Rxf6 16. Ne5 Nxe5 17. dxe5 Rf8 18. Qg4 Nd4 19. Bd2 Nxc2 20. Rac1 Nd4 21. Be3 Nf5 22. Bc5 b6 23. Bg1 e6 24. Rcd1 Qe7 25. Bxb6 Rfb8 26. Bg1 Rxb2 27. Rb1 Qb4 28. Rxb2 Qxb2 29. Nd1 Qb3 30. Qe2 Qxa4 31. g4 Ne7 32. Bc5 Re8 33. Nc3 Qc4 34. Qxc4 dxc4 35. Ne4 Nd5 36. Nd6 Rb8 37. Nxc4 a4 38. Ra1 Nxf4 39. h4 Nd3 40. Bd6 Ra8 41. Nb6 Ra6 42. Nxa4 Nb2 43. Rb1 Rxa4 44. Rxb2 h5 45. Rb8+ Kh7 46. Rb7 Kg8 47. Rb8+ Kh7 48. Rb7 Rxg4 49. Bf8 Rxh4+ 50. Kg2 Rg4+ 51. Kh3 Kh6 52. Bxg7+ Kg5 53. Bf6+ Kf5 54. Rc7 Rc4 55. Kg3 g5 56. Rg7 h4+ 57. Kh3 Rc3+ 58. Kh2 Rg3 59. Rc7 g4 60. Rxc6 Re3 0-1

[Event "Titled Tuesday intern op 05th Sep Early"]
[Site "Chess.com INT"]
[Date "2023.09.05"]
[Round "9"]
[White "Laddha, Shubh Jayesh"]
[Black "Sameer, Loay"]
[Result "1-0"]
[WhiteElo "2373"]
[BlackElo "2209"]
[PlyCount "117"]
[EventDate "2023.09.05"]
[EventType "swiss (blitz)"]
[EventRounds "11"]
[EventCountry "USA"]
[SourceTitle "EXT 2024"]
[Source "ChessBase"]
[SourceDate "2023.10.10"]
[SourceVersion "1"]
[SourceVersionDate "2023.10.10"]
[SourceQuality "1"]

1. d4 Nf6 2. Nc3 g6 3. e4 d6 4. f4 Bg7 5. Nf3 0-0 6. e5 Nfd7 7. Bc4 Nb6 8. Bb3 c5 9. dxc5 dxc5 10. Qxd8 Rxd8 11. Be3 Na6 12. a4 Bf5 13. a5 c4 14. Ba2 Nd7 15. Nd4 Nb4 16. Nxf5 gxf5 17. 0-0-0 Nxa2+ 18. Nxa2 b6 19. Nb4 Nf8 20. Rxd8 Rxd8 21. axb6 axb6 22. Bxb6 Rb8 23. Bc5 Ng6 24. Nd5 Kf8 25. Be3 Ke8 26. Rd1 Rb7 27. Bb6 e6 28. Nc7+ Kf8 29. Bc5+ Kg8 30. Rd8+ Bf8 31. Ne8 h5 32. Nf6+ Kg7 33. Nxh5+ Kh6 34. Bxf8+ Kxh5 35. g3 Kg4 36. Bc5 Kf3 37. Rd2 c3 38. bxc3 Rb8 39. Bb4 Rh8 40. Kb2 Rb8 41. Ka3 Ke4 42. c4 Rb7 43. Rd3 Rc7 44. Kb3 Rc8 45. Bd6 Rc6 46. c5 f6 47. Kc4 fxe5 48. fxe5 Nxe5+ 49. Bxe5 Kxe5 50. Kb5 Rc8 51. c6 Ke4 52. Kb6 e5 53. c7 Rh8 54. Rd8 Rh6+ 55. Kb5 f4 56. c8Q fxg3 57. hxg3 Kf3 58. Qc3+ Kg2 59. Qxe5 1-0

[Event "Titled Tuesday intern op 05th Sep Early"]
[Site "Chess.com INT"]
[Date "2023.09.05"]
[Round "6"]
[White "Yaran, Siar"]
[Black "Sameer, Loay"]
[Result "1/2-1/2"]
[WhiteElo "2272"]
[BlackElo "2209"]
[PlyCount "79"]
[EventDate "2023.09.05"]
[EventType "swiss (blitz)"]
[EventRounds "11"]
[EventCountry "USA"]
[SourceTitle "EXT 2024"]
[Source "ChessBase"]
[SourceDate "2023.10.10"]
[SourceVersion "1"]
[SourceVersionDate "2023.10.10"]
[SourceQuality "1"]

1. e4 g6 2. d4 Bg7 3. Nf3 d6 4. Bc4 Nf6 5. Qe2 0-0 6. h3 c6 7. e5 dxe5 8. dxe5 Nd5 9. 0-0 e6 10. Nbd2 Nd7 11. Re1 Qc7 12. Bb3 b5 13. c4 bxc4 14. Nxc4 Ba6 15. Qe4 Nc5 16. Qh4 Nxb3 17. axb3 Bxc4 18. bxc4 Ne7 19. g4 f6 20. Bh6 g5 21. Qh5 Ng6 22. exf6 Rxf6 23. Bxg7 Qxg7 24. Qxg5 Rxf3 25. Rxe6 Nf4 26. Qxg7+ Kxg7 27. Rxc6 Nxh3+ 28. Kg2 Raf8 29. Rxa7+ Kg8 30. Rcc7 Ng5 31. Rg7+ Kh8 32. Rxg5 Rxf2+ 33. Kg1 Rf1+ 34. Kg2 R8f2+ 35. Kg3 Rf3+ 36. Kg2 R1f2+ 37. Kg1 Rf1+ 38. Kg2 R1f2+ 39. Kg1 Rf1+ 40. Kg2 1/2-1/2

[Event "Titled Tuesday intern op 15th Aug Late"]
[Site "Chess.com INT"]
[Date "2023.08.15"]
[Round "2"]
[White "Grigorjev, Iljya"]
[Black "Sameer, Loay"]
[Result "0-1"]
[WhiteElo "2432"]
[BlackElo "2206"]
[PlyCount "60"]
[EventDate "2023.08.15"]
[EventType "swiss (blitz)"]
[EventRounds "11"]
[EventCountry "USA"]
[SourceTitle "EXT 2024"]
[Source "ChessBase"]
[SourceDate "2023.10.10"]
[SourceVersion "1"]
[SourceVersionDate "2023.10.10"]
[SourceQuality "1"]

1. d4 Nf6 2. c4 g6 3. Nc3 Bg7 4. e4 0-0 5. h3 d6 6. Be3 c5 7. d5 e6 8. Nf3 exd5 9. cxd5 Re8 10. Nd2 Na6 11. Be2 Nc7 12. a4 b6 13. 0-0 a6 14. Bf4 Rb8 15. Nc4 Nxe4 16. Nxe4 Rxe4 17. Bxd6 Rd4 18. Qb3 b5 19. axb5 axb5 20. Bxc7 Qxc7 21. d6 Qd8 22. Na5 Qxd6 23. Qf3 Be6 24. Rfc1 Bd5 25. Qa3 b4 26. Qg3 Qxg3 27. fxg3 Rd2 28. Rd1 Bd4+ 29. Kf1 Rxb2 30. Nc4 Rxe2 0-1

[Event "Rilton Cup 50th"]
[Site "Stockholm"]
[Date "2022.12.27"]
[Round "1"]
[White "Sameer, Loay"]
[Black "Trost, Edvin"]
[Result "0-1"]
[WhiteElo "2153"]
[BlackElo "2380"]
[PlyCount "114"]
[EventDate "2022.12.27"]
[EventType "swiss"]
[EventRounds "9"]
[EventCountry "SWE"]
[SourceTitle "CBM 212 Extra"]
[Source "ChessBase"]
[SourceDate "2023.03.31"]
[SourceVersion "1"]
[SourceVersionDate "2023.03.31"]
[SourceQuality "1"]

1. Nf3 d5 2. g3 Bg4 3. Bg2 c6 4. 0-0 Nd7 5. d3 e6 6. Nbd2 Bd6 7. h3 Bh5 8. e4 Ne7 9. c3 0-0 10. Re1 a5 11. d4 c5 12. exd5 Nxd5 13. Ne4 Be7 14. c4 N5f6 15. Nxf6+ Nxf6 16. Be3 Qc7 17. dxc5 Bxc5 18. Bxc5 Qxc5 19. Qd4 Qc7 20. Ne5 Rfd8 21. Qf4 Rac8 22. g4 Bg6 23. Nxg6 hxg6 24. Qxc7 Rxc7 25. b3 Kf8 26. Rad1 Rxd1 27. Rxd1 Ke7 28. Kf1 g5 29. Ke2 Nd7 30. Ke3 Ne5 31. Be4 b6 32. f4 gxf4+ 33. Kxf4 f6 34. g5 Rc8 35. h4 Rh8 36. Rh1 Nf7 37. g6 e5+ 38. Ke3 Nd6 39. h5 f5 40. Bd5 Kf6 41. a3 f4+ 42. Kf3 Nf5 43. Be4 Ng3 44. Rd1 Rxh5 45. Rd6+ Kg5 46. Re6 Nxe4 47. Rxe5+ Kxg6 48. Rxe4 Rf5 49. Rxf4 Kg5 50. Rxf5+ Kxf5 51. b4 a4 52. Ke3 Ke5 53. Kd3 g5 54. Ke3 g4 55. Kf2 Kd4 56. c5 bxc5 57. b5 Kd5 0-1

[Event "Asia-Oceania Uni"]
[Site "Tornelo INT"]
[Date "2022.12.23"]
[Round "7"]
[White "Sameer, Loay"]
[Black "Dulguun, Altankhuyag"]
[Result "1-0"]
[WhiteElo "2153"]
[BlackElo "1810"]
[PlyCount "73"]
[EventDate "2022.12.21"]
[EventType "swiss (rapid)"]
[EventRounds "9"]
[EventCountry "NET"]
[SourceTitle "CBM 211 Extra"]
[Source "ChessBase"]
[SourceDate "2023.01.31"]
[SourceVersion "1"]
[SourceVersionDate "2023.01.31"]
[SourceQuality "1"]

1. e4 e5 2. Bc4 Nf6 3. d4 exd4 4. Nf3 Nc6 5. 0-0 Nxe4 6. Re1 d5 7. Bxd5 Qxd5 8. Nc3 Qd8 9. Nxe4 Be7 10. Qd3 0-0 11. Neg5 g6 12. Bf4 Bf5 13. Qb3 Na5 14. Qa4 c5 15. Rxe7 Qxe7 16. Qxa5 b6 17. Qd2 Rfe8 18. Re1 Qb7 19. Be5 Qc6 20. g4 f6 21. gxf5 fxg5 22. Nxg5 gxf5 23. f3 h6 24. Kf2 Rxe5 25. Rxe5 Qf6 26. Qf4 hxg5 27. Qxf5 Qxf5 28. Rxf5 Kg7 29. Rxg5+ Kf6 30. Rh5 Kg6 31. Rd5 Rh8 32. Kg3 Re8 33. b4 Re2 34. bxc5 Rxc2 35. cxb6 Rxa2 36. Rxd4 axb6 37. Rd6+ 1-0

[Event "Asia-Oceania Uni"]
[Site "Tornelo INT"]
[Date "2022.12.22"]
[Round "5"]
[White "Agibileg, Uurtsaikh"]
[Black "Sameer, Loay"]
[Result "1-0"]
[WhiteElo "2441"]
[BlackElo "2153"]
[PlyCount "73"]
[EventDate "2022.12.21"]
[EventType "swiss (rapid)"]
[EventRounds "9"]
[EventCountry "NET"]
[SourceTitle "CBM 211 Extra"]
[Source "ChessBase"]
[SourceDate "2023.01.31"]
[SourceVersion "1"]
[SourceVersionDate "2023.01.31"]
[SourceQuality "1"]

1. d4 Nf6 2. c4 g6 3. Nc3 Bg7 4. e4 0-0 5. Be2 d6 6. Nf3 Na6 7. 0-0 e5 8. Be3 Ng4 9. Bg5 Qe8 10. dxe5 Nxe5 11. Nd4 Nc6 12. Ndb5 h6 13. Be3 Qd8 14. Qd2 Kh7 15. Rad1 Be6 16. Nd5 Ne7 17. Bd4 Nxd5 18. cxd5 Bd7 19. Bxg7 Kxg7 20. Nc3 Re8 21. Bxa6 bxa6 22. f4 Qf6 23. Rde1 Rab8 24. e5 Qf5 25. h3 h5 26. Ne4 Bb5 27. Rf3 dxe5 28. Ng3 Qf6 29. fxe5 Qb6+ 30. Kh1 h4 31. e6 f6 32. Qc3 Rf8 33. Ne4 Be8 34. Nxf6 Kh6 35. Ng4+ Kh5 36. Qe5+ g5 37. Rxf8 1-0

[Event "Asia-Oceania Uni"]
[Site "Tornelo INT"]
[Date "2022.12.22"]
[Round "4"]
[White "Sameer, Loay"]
[Black "Tsolmon, Tseesorogdorj"]
[Result "1-0"]
[WhiteElo "2153"]
[BlackElo "1828"]
[PlyCount "141"]
[EventDate "2022.12.21"]
[EventType "swiss (rapid)"]
[EventRounds "9"]
[EventCountry "NET"]
[SourceTitle "CBM 211 Extra"]
[Source "ChessBase"]
[SourceDate "2023.01.31"]
[SourceVersion "1"]
[SourceVersionDate "2023.01.31"]
[SourceQuality "1"]

1. Nf3 Nf6 2. g3 e6 3. Bg2 d5 4. 0-0 Be7 5. d3 0-0 6. Nbd2 c5 7. e4 Nc6 8. Re1 b6 9. e5 Nd7 10. Nf1 Bb7 11. h4 Rc8 12. h5 Re8 13. h6 g6 14. N1h2 b5 15. Ng4 c4 16. Bf4 cxd3 17. cxd3 Nb4 18. Re2 Qb6 19. a3 Nc6 20. Rc2 b4 21. axb4 Qxb4 22. Rcc1 a5 23. Ra4 Qb5 24. d4 Nb4 25. Rca1 Ra8 26. Bf1 Qb6 27. Bg5 Bf8 28. R4a3 Rec8 29. Rc3 Rc6 30. Qa4 Rxc3 31. bxc3 Bc6 32. Qd1 Na6 33. Nf6+ Nxf6 34. exf6 Nb8 35. Ne5 Nd7 36. Nxc6 Qxc6 37. c4 Rc8 38. c5 e5 39. Rxa5 exd4 40. Bb5 Qc7 41. Bxd7 Qxd7 42. Qxd4 Qf5 43. Be3 Rb8 44. Ra1 Rc8 45. Rc1 Qe6 46. Rb1 Qf5 47. Rb2 Qf3 48. Qe5 Ra8 49. Rb1 Qe4 50. Qxe4 dxe4 51. Rb4 Rc8 52. Rxe4 Rd8 53. Kg2 Rc8 54. g4 Rc6 55. Re8 Rxf6 56. Bd4 Re6 57. Ra8 f6 58. g5 Kf7 59. gxf6 Bxh6 60. Ra7+ Ke8 61. Rxh7 Bf4 62. Kf3 Be5 63. Bxe5 Rxe5 64. Re7+ Rxe7 65. fxe7 Kxe7 66. Kf4 Kd7 67. Kg5 Kc6 68. Kxg6 Kxc5 69. f4 Kd6 70. f5 Ke7 71. Kg7 1-0

[Event "Asia-Oceania Uni"]
[Site "Tornelo INT"]
[Date "2022.12.21"]
[Round "1"]
[White "Jones, Christopher"]
[Black "Sameer, Loay"]
[Result "0-1"]
[WhiteElo "1021"]
[BlackElo "2153"]
[PlyCount "122"]
[EventDate "2022.12.21"]
[EventType "swiss (rapid)"]
[EventRounds "9"]
[EventCountry "NET"]
[SourceTitle "CBM 211 Extra"]
[Source "ChessBase"]
[SourceDate "2023.01.31"]
[SourceVersion "1"]
[SourceVersionDate "2023.01.31"]
[SourceQuality "1"]

1. e4 g6 2. Nf3 Bg7 3. d4 d6 4. Bc4 Nf6 5. Nc3 0-0 6. 0-0 c6 7. Bg5 h6 8. Bxf6 Bxf6 9. Qd2 Bg7 10. Rad1 Qb6 11. Bb3 Bg4 12. h3 Bxf3 13. gxf3 e5 14. Ne2 Nd7 15. Kh2 a5 16. Rg1 Kh7 17. c3 a4 18. Bc4 d5 19. exd5 cxd5 20. Bxd5 exd4 21. Nxd4 Qd6+ 22. Rg3 Qxd5 23. Qf4 Be5 24. Qd2 Bxg3+ 25. Kxg3 Qg5+ 26. Qxg5 hxg5 27. f4 gxf4+ 28. Kxf4 Nc5 29. Re1 Ne6+ 30. Ke5 Rfe8 31. Kf6 Nxd4 32. Rxe8 Rxe8 33. cxd4 Kg8 34. d5 Kf8 35. d6 Re6+ 36. Kg5 Rxd6 37. h4 Kg7 38. h5 Rd4 39. h6+ Kh7 40. f4 Rd6 41. b3 f6+ 42. Kg4 Rd3 43. bxa4 Kxh6 44. a5 Ra3 45. a6 Rxa6 46. f5 Ra4+ 47. Kf3 Rxa2 48. fxg6 b5 49. g7 Kxg7 50. Ke3 Rc2 51. Kd3 Rc8 52. Kd4 b4 53. Kd5 b3 54. Kd6 b2 55. Kd7 Rc2 56. Kd6 b1Q 57. Kd5 Qd1+ 58. Ke4 Re2+ 59. Kf3 Qf1+ 60. Kg3 Rg2+ 61. Kh3 Qh1# 0-1